house in nebraska - ethel cain - Statistics

General Stats
  • This quiz has been taken 37 times
  • The average score is 369 of 401
Answer Stats
Answer % Correct
a
100%
be
100%
but
100%
house
100%
i
100%
if
100%
in
100%
it
100%
me
100%
nebraska
100%
to
100%
was
100%
we
100%
where
100%
you
100%
your
100%
and
96%
call
96%
come
96%
day
96%
die
96%
doing
96%
fine
96%
found
96%
her
96%
hold
96%
home
96%
hurt
96%
id
96%
im
96%
its
96%
kill
96%
know
96%
lie
96%
miss
96%
more
96%
my
96%
myself
96%
of
96%
on
96%
really
96%
reason
96%
say
96%
(so
96%
so
96%
still
96%
still)
96%
that
96%
the
96%
time
96%
were
96%
when
96%
(when
96%
all
92%
bed
92%
came
92%
cried
92%
cry
92%
dirt
92%
dirty
92%
each
92%
empty
92%
feel
92%
floor
92%
left
92%
love
92%
make
92%
mattress
92%
one
92%
other
92%
our
92%
sing
92%
told
92%
tonight
92%
well
92%
wont
92%
world
92%
worse
92%
yours
92%
alone
88%
back
88%
beautiful
88%
calls
88%
cause
88%
hurts
88%
labored
88%
long
88%
met
88%
night
88%
night)
88%
pray
88%
school
88%
second
88%
see
88%
sometimes
88%
sores
88%
tell
88%
without
88%
against
83%
alright
83%
bottles
83%
breaths
83%
died
83%
edge
83%
every
83%
except
83%
favorite
83%
girl
83%
gone
83%
guess
83%
had
83%
here
83%
just
83%
mama
83%
man
83%
never
83%
nothing
83%
only
83%
out
83%
photographs
83%
scared
83%
song
83%
thought
83%
town
83%
used
83%
wait
83%
whole
83%
youre
83%
aching
79%
around
79%
at
79%
hope
79%
laughed
79%
save
79%
silence
79%
sleep
79%
sound
79%
then
79%
up
79%
baby
75%
god
75%
may
75%
there
75%
are
71%
everyday
71%
maybe
71%
might
71%
ourselves
71%
youll
71%
even
67%
ones
67%
paved
67%
praying
67%
roads
67%
these
67%
straight
58%
under
42%
need
29%
needed
25%
No matching quizzes found
Score Distribution
Percent of People with Each Score
Percentile by Number Answered
Your Score History
You have not taken this quiz